000 00552nam a2200229Ia 4500
003 OSt
005 20220924143322.0
006 a|||||r|||| 00| 0
007 ta
008 220923b |||||||| |||| 00| 0 urd d
020 _c75
024 _a307763
037 _cTextual
040 _aARTS
_cARTS
_burd
041 _2urd
_aurd
082 _a24:97, 168P5
100 _aMuneer Anjum
_9215433
245 0 _aDaftari tariq -e- kaar
260 _c2005
942 _h24:97, 168P5
_cTEXL
_2CC
999 _c454073
_d454073